| 000 | 00444nam a2200157 4500 | ||
|---|---|---|---|
| 001 | 113047 | ||
| 003 | ES-MaACL | ||
| 005 | 20230906185732.0 | ||
| 007 | t| | ||
| 008 | 061121s1972 sp r ||||1| spa d | ||
| 100 | 1 |
_aNúñez, José Luis. _986159 |
|
| 245 | 1 | 3 |
_aLa larga sombra del eclipse / _cJosé Luis Núñez. |
| 260 |
_aSevilla : _bEd. Católica Española, _c1972. |
||
| 300 |
_a61 p. ; _c20 cm. |
||
| 852 |
_aES-MaACL _jC-46316 _bR.83582 |
||
| 999 |
_c113047 _d113047 |
||